ŽSR, Železničná stanica Prešov - peronizácia

Bibliographic Details
Format: Article
Language:Slovak
PhysicalDescription:Fotogr.
ISSN:1335-1249
Subjects:

MARC

LEADER 00000nab a2200000 a 4500
001 vtls009347245
003 SK-MaSNL
005 20260304152902.0
008 250506c2008 xo zr|p|||||||000 b|slo
015 |a SNBRB2008/10  |2 snkbucl 
035 |a (uuid)9ba58caa-51ca-443d-b74d-1017206dabfe 
035 |a urn:nbn:sk:snk-abad2b 
035 |a (urnnbn)urn:nbn:sk:snk:ar-008eux 
038 |a SNKBUCL 
040 |a SNKBUCL  |b slo  |c SNKBUCL  |e AACR2 
041 0 |a slo 
044 |a xo  |c SK 
080 |a 725.31  |x (437.6)  |2 2001 
245 0 0 |a ŽSR, Železničná stanica Prešov - peronizácia 
300 |b Fotogr. 
500 |a Architekti: Ľubomír Lapšanský, Pavel Vodička 
610 2 7 |a Železničná stanica (Prešov, Slovensko)  |x architektúra  |2 snkbucl  |9 1266778 
611 2 7 |a Stavba roka  |n (14. :  |d 2008 :  |c Slovensko)  |x neocenené stavby  |2 snkbucl  |9 1473573 
650 0 7 |a železničné stanice  |2 snkbucl  |9 30261 
651 7 |a Prešov (Slovensko)  |2 snkbucl  |9 17347 
773 0 |t Eurostav  |g Roč. 14, č. 7-8 (2008), s. 104  |x 1335-1249 
850 |a Slovenská národná knižnica 
852 |a Slovenská národná knižnica 
954 |a odborná, vedecká literatúra pôvodná (slovenská)  |2 lita 
958 |a article14 
958 |a OND 
958 |a SK 
958 |a EUIPO 
999 |c 2951613  |d 2953543